00493nam a2200133Ia 4500008004100000245006800041260006200109260001800171300000800189650001500197856005500212999001900267952007300286170221s9999 xx 000 0 und d aDo Consumers Recall Products’ Warning Labels? A Meta-Analysis bInternational Journal of Management and Marketing Reseach cFebruary 2015 a4:1 xMarketing. uhttp://www.theibfr.com/ARCHIVE/IJMMR-V9N1-2016.pdf c310095d310095 001040aCLbCLd2017-02-21l0r2017-02-21 00:00:00w2017-02-21yFOJ